000 00417nam a2200169Ia 4500
005 20250424120239.0
008 250424s9999 xx 000 0 und d
022 _a07490712
050 _aRD 559 .H70/
245 0 _aHand clinics
260 _aPhiladelphia
260 _bW. B. Saunders Company
260 _c1999
300 _axii, 185 p. : ill. ; 30 cm.
650 _aHand--Surgery-- Periodicals.
942 _cSR
999 _c38225
_d38225